[Event "Chigorin Mem. Russian Cup 2017"]
[Site "St. Petersburg"]
[Date "2017.10.29"]
[Round "9"]
[White "Sengupta, Deep"]
[Black "Sjugirov, Sanan"]
[Result "1/2-1/2"]
[WhiteElo "2587"]
[BlackElo "2650"]
[Annotator "TA"]
[PlyCount "115"]
[EventDate "2017.??.??"]
[EventType "swiss"]
[EventCountry "RUS"]
[SourceTitle "playchess.com"]
[Source "ChessBase"]
[SourceQuality "1"]

{[%evp 22,115,-54,-64,-45,-66,-48,-62,-59,-52,-39,-39,-54,-63,-48,-70,-56,-51,-50,-52,-45,-52,-42,-69,0,0,0,0,0,0,0,-7,-15,0,-2,-43,-43,-52,-34,-52,0,-76,-57,-83,-83,-83,-54,-83,-83,-83,-83,-83,-83,-83,-83,-104,-104,-104,-104,-202,-202,-202,-202,-210,-83,-83,0,-208,-210,-198,-208,-202,-206,-226,-226,-228,-236,-211,-157,-186,0,0,0,0,0,0,0,0,0,0,0,0,0,0,0,0]} 1. e4 c5 2. Nf3 e6 3. d3 Nc6 4. g3 Nf6 5. Bg2 d5 6. Nbd2 g6 7. O-O Bg7 8. Re1 O-O 9. Qe2 b6 10. Nf1 {A08: King's Indian Attack} e5 (10... a5 11. e5 Nd7 12. Bf4 a4 13. h4 a3 14. b3 h5 15. N1h2 b5 16. g4 hxg4 17. Nxg4 Nd4 18. Nxd4 cxd4 {0-1 (41) Bu,X (2702)-Vitiugov,N (2681) Sochi 2009}) 11. exd5 Nxd5 12. Ne3 {LiveBook: 3 Games. Black is slightly better.} Nxe3 13. Bxe3 Bb7 14. Qd2 $146 ({Predecessor:} 14. Rad1 Qd7 15. Qd2 Rad8 16. Bh6 f6 17. Bxg7 Kxg7 {0-1 (48) Muthaiah,A (2037)-Harsha,B (2156) Kolkata 2013}) 14... Re8 15. Bh6 Qd7 16. Bxg7 Kxg7 17. a3 f6 18. Re3 Nd4 19. Nxd4 cxd4 20. Re2 Bxg2 21. Kxg2 Rac8 22. Rae1 Rc5 (22... Qb5 $15 23. Qb4 Qd5+ 24. Kg1 g5) 23. f4 $11 Rec8 (23... Qb5 {keeps more tension.} 24. fxe5 Rexe5 25. Rxe5 Rxe5 26. Rxe5 Qxe5 27. Qf4 Qc5) 24. fxe5 fxe5 25. Kg1 Rxc2 26. Qxc2 Rxc2 27. Rxc2 {[%mdl 4096] Endgame KQ-KRR} Qb5 28. Rd2 Kf6 29. Re4 a5 30. Kg2 a4 (30... Ke7 $15) 31. h4 (31. Rde2 $1 $11 {remains equal.}) 31... Ke6 $17 32. Kh2 Kd6 33. Kg2 Qb3 34. Re1 Qd5+ 35. Kf2 h6 36. Rde2 Qb3 37. Rd2 g5 {White must now prevent ...gxh4.} 38. hxg5 hxg5 39. Re4 Qe6 40. g4 (40. Rde2 $17) 40... Qc8 $1 $19 41. Kg2 Qc1 $1 {[%cal Rc1d2]} 42. Ree2 {[#]} Qb1 ({Resist} 42... Qc6+ 43. Re4 $17) (42... e4 $1 $19 {[%cal Re4e3][%mdl 512] and Black stays clearly on top.} 43. dxe4 Ke5) 43. Re4 $17 Qc1 (43... b5 $17) 44. Ree2 $1 $19 {[#]} e4 $1 {[%cal Re4e3][%mdl 512]} 45. dxe4 Ke5 46. Rd3 Qc4 {[%mdl 1024] Black has strong compensation.} 47. Rdd2 Qe6 48. Kg3 Qh6 {And now ...Qh4+ would win.} 49. Rh2 Qd6 50. Rhe2 d3 $2 (50... Qf8 $19 51. Rf2 Qh6) 51. Re3 $11 {The position is equal.} Qh6 52. Rh2 Qf6 {( -> ...Qf4+)} (52... Qd6 $5 53. Rd2 $8 Ke6+ 54. Kh3 Qf4 55. Rexd3 Qxe4 $11) 53. Rf2 Qh8 {Strongly threatening ...Qh4+.} 54. Rxd3 {Hoping for Rd5+.} Qh4+ 55. Kg2 Qxg4+ 56. Rg3 Qxe4+ 57. Kg1 g4 58. Kh2 {Precision: White = 62%, Black = 67%.} 1/2-1/2

[Event "Chigorin Mem. Russian Cup 2017"]
[Site "St. Petersburg"]
[Date "2017.10.29"]
[Round "9"]
[White "Batchuluun, Tsegmed"]
[Black "Usmanov, Vasily"]
[Result "1/2-1/2"]
[WhiteElo "2571"]
[BlackElo "2463"]
[Annotator "TA"]
[PlyCount "119"]
[EventDate "2017.??.??"]
[EventType "swiss"]
[EventCountry "RUS"]
[SourceTitle "playchess.com"]
[Source "ChessBase"]
[SourceQuality "1"]

{[%evp 24,119,55,47,54,48,60,46,56,49,56,48,48,48,77,68,74,72,69,47,71,71,75,75,91,86,102,102,102,102,109,109,109,109,109,95,95,81,109,80,86,70,81,81,109,109,109,79,95,93,93,80,87,90,109,109,109,95,95,72,81,63,63,41,41,41,41,41,86,63,87,41,57,56,66,66,95,63,91,83,95,77,84,62,84,32,95,84,84,32,95,32,84,39,84,0,84,0]} 1. d4 Nf6 2. c4 e6 3. Nc3 d5 4. cxd5 exd5 5. Bg5 c6 6. e3 Bf5 7. Qf3 Bg6 8. Bxf6 Qxf6 9. Qxf6 gxf6 10. Nf3 Nd7 {D35: Damengambit (Abtauschvariante)} 11. Nh4 Be7 (11... Nb6 12. f4 h5 13. Kf2 Nc8 14. f5 Bh7 15. h3 Nd6 16. g4 Kd7 17. Bd3 Bh6 18. Ng2 {1-0 (37) Bluebaum,M (2632)-Naiditsch,A (2700) Minsk 2017}) 12. Ne2 f5 13. g3 {[%cal Bg2g3,Bg3h4][%mdl 32] LiveBook: 6 Partien} Bxh4 14. gxh4 Nf6 {[#]} 15. Rg1 $146 ({Vorgänger:} 15. Ng3 f4 16. exf4 Nh5 17. Nxh5 Bxh5 18. Rg1 {½-½ (57) Lorparizangeneh,S (2515)-Usmanov,V (2455) St Petersburg 2017}) 15... Ke7 16. Nf4 Nh5 17. Be2 Nxf4 18. exf4 h5 19. Rg3 Kd6 20. Kd2 Rae8 21. Bd3 (21. Bf3 {looks sharper.} b6 22. Rgg1 Re7 23. Rac1 Rb8 24. Rc3) 21... a5 22. Re3 Rxe3 23. fxe3 $16 {[%mdl 4096] Endspiel KTL-KTL} b5 24. Rc1 f6 25. Rg1 Rh6 26. Ke2 Kc7 27. Kf2 Kb6 28. Be2 Kc7 29. Rg3 Kd6 30. Bd3 Kc7 31. Kg2 Kd6 32. Kh3 Kc7 33. Rg1 Kb6 34. a3 Kc7 35. Be2 Kb6 36. Rg3 Kc7 37. Kg2 Kd6 38. Kf2 Kc7 39. Rg1 Kb6 40. h3 Kc7 41. Bf3 Kd6 42. Rc1 Rh8 43. Rc5 Ra8 44. Be2 Bf7 45. Bd3 Bg6 46. Ke2 Ra7 47. Kd2 Ra8 48. Rc1 Rh8 49. Ke2 Rh7 50. Kf2 Rh8 51. b3 Rh7 52. Be2 Rh8 53. a4 b4 54. Ba6 ({Günstiger ist} 54. Rc5 $16) 54... Kc7 (54... Bf7 $14) 55. Bb5 Be8 56. Be2 (56. Bd3 $16) 56... Bg6 ({Besser ist} 56... Rg8 $1 $14) 57. Bf3 (57. Rg1 $16 Rh6 58. Bd3) 57... Kd6 (57... Bf7 $14) 58. Rg1 Rh6 59. Rc1 {Droht stark Tc5.} Rh8 60. Rg1 {Precision: Weiß = 36%, Schwarz = 47%.} ({Lieber} 60. Bg2 $16) 1/2-1/2

[Event "Chigorin Mem. Russian Cup 2017"]
[Site "St. Petersburg"]
[Date "2017.10.29"]
[Round "9"]
[White "Pridorozhni, Aleksei"]
[Black "Sethuraman, S P"]
[Result "0-1"]
[WhiteElo "2565"]
[BlackElo "2632"]
[Annotator "TA"]
[PlyCount "178"]
[EventDate "2017.??.??"]
[EventType "swiss"]
[EventCountry "RUS"]
[SourceTitle "playchess.com"]
[Source "ChessBase"]
[SourceQuality "1"]

{[%evp 16,178,15,11,35,8,18,29,23,20,35,20,23,20,30,19,18,10,15,8,7,-14,-10,-13,0,-29,-14,-38,-31,-28,-16,-43,-17,-14,-8,-27,-26,-27,-33,-29,-21,-63,-41,-43,-44,-60,-52,-53,-53,-56,-50,-58,-42,-71,-54,-87,-91,-95,-85,-90,-68,-71,-73,-79,-23,-23,-23,-23,-24,-24,-24,-29,-22,-47,-34,-56,-51,-54,-54,-56,-44,-112,-112,-197,-197,-197,0,-125,0,-175,-172,-197,-197,-197,-197,-197,-197,-207,-214,-253,-179,-184,0,-238,-196,-215,-204,-261,-239,-276,-266,-469,-459,-408,-342,-1940,-2559,-5643,-2470,-2059,-1285,-1465,-1585,-2728,-1995,-1824,-1544,-1489,-1307,-2282,-1280,-1754,-1231,-1051,-1151,-12820,-5942,-12833,-1010,-933,-795,-846,-753,-738,-508,-491,-435,-1241,-1234,-1202,-1083,-12835,-12840,-12841,-12841,-5830,0,-5934,-2577,-12841,-12839,-12840,-12840,-12845,-12845]} 1. e4 c5 2. Nf3 d6 3. Bb5+ Nd7 4. O-O Ngf6 5. Re1 a6 6. Bf1 b6 7. c3 Bb7 8. d3 {B51: Sicilian: Moscow Variation (3 Bb5+) without 3...Bd7} e6 9. Nbd2 {LiveBook: 12 Games} b5 10. d4 {White is slightly better.} cxd4 11. cxd4 Nb6 $146 ({Predecessor:} 11... Be7 12. b3 O-O 13. Bb2 d5 14. e5 Ne4 15. Bd3 f5 {0-1 (22) Liang,J (2425)-Oll,L (2645) Beijing 1997}) 12. b3 Be7 13. Bb2 O-O 14. Bd3 Rc8 15. Qe2 Rc7 16. Rac1 Rxc1 17. Rxc1 Qa8 18. e5 dxe5 19. dxe5 Nfd5 {[%cal Bf6d5,Bd5b4,Bb4c6,Bc6d4][%mdl 32]} 20. g3 (20. Qe4 {looks sharper.} g6 21. Qd4 f5 22. a4 bxa4 23. bxa4 Bc6 24. Nc4) 20... Rc8 21. Rxc8+ (21. Re1 {is more complex.} b4 22. Ne4 h6 23. Nd4 Nd7 24. Nd6) 21... Qxc8 22. Ne4 h6 23. Nfd2 Qc6 24. Bb1 Nb4 25. Qg4 Qd5 {...Nd3 is the strong threat.} 26. Qe2 Nd7 27. a3 Nc6 28. Nd6 {[#] Strongly threatening Be4.} Nd4 {[%csl Gb7][%cal Rd5h1]} (28... Ndxe5 {with more complications.} 29. Nxb7 Qxd2 30. Qxd2 Nf3+ 31. Kg2 Nxd2 32. Bc2 f5) 29. Qe4 Bxd6 30. exd6 {Threatening mate with Qh7+.} Qxe4 31. Bxe4 Bxe4 32. Bxd4 $15 {[%mdl 4096] Endgame KBN-KBN} Bd5 33. f4 f6 34. Kf2 Kf7 35. Ke3 e5 36. Bc3 Ke6 37. Bb4 exf4+ 38. Kxf4 Ne5 39. Ke3 Nf7 (39... g5 $17) 40. Kd4 $11 Nxd6 41. Kc5 Nc8 42. a4 bxa4 43. bxa4 g5 44. Ba5 Bg2 45. Bc7 Ne7 46. a5 Nd5 47. Bb8 Kf5 48. h3 (48. Kc6 $15) 48... h5 $17 49. Kd4 (49. Nc4 $17) 49... Ne7 $19 50. Kc5 Nd5 ({Black should try} 50... Bxh3 $19 51. Nc4 h4) 51. Kd4 $1 $17 Ne7 {And now ...Nc6+ would win.} 52. Kc5 $1 Nc8 53. h4 {[#]} gxh4 $1 54. gxh4 Kg4 55. Nc4 {intending Ne3+.} Kxh4 56. Ne3 Bf3 57. Bf4 Kh3 58. Bc7 Kh4 (58... h4 $142 59. Bb8 Ne7) 59. Bf4 $19 Bh1 60. Kd4 Ne7 61. Kc5 Bf3 62. Bc7 Kg5 63. Bd8 $2 (63. Nc2 {is a better defense.}) 63... Nc6 64. Bc7 h4 65. Kb6 $2 (65. Nc4) 65... Ne5 66. Nf1 h3 (66... Kf4 $142 67. Nh2 h3 68. Kxa6 Kg3 69. Nf1+ Kg2 70. Ne3+ Kf2) 67. Kc5 Bg2 68. Nh2 Kf5 69. Bd6 Ke4 70. Bc7 Bf3 71. Kd6 Kf5 72. Ke7 Bd5 73. Nf1 Kg5 74. Nh2 Bc4 75. Kd8 Be2 76. Ke7 Kf5 (76... Ng4 $142 77. Ke6 Bc4+ 78. Ke7 Nxh2 79. Bxh2 f5) 77. Kd6 Bc4 78. Kc5 Bb5 79. Kd5 Bc6+ 80. Kc5 Bb7 81. Kb6 (81. Kd6 $142) 81... Bc8 82. Kc5 Ke4 83. Nf1 Kf3 84. Kd6 Kg2 85. Ne3+ Kf3 86. Nf1 Ng4 {Black is clearly winning.} 87. Kc5 Kg2 88. Ng3 h2 89. Kd4 Ne5 {Precision: White = 38%, Black = 71%.} 0-1

[Event "Chigorin Mem. Russian Cup 2017"]
[Site "St. Petersburg"]
[Date "2017.10.29"]
[Round "9"]
[White "Timofeev, Artyom"]
[Black "Yakubboev, Nodirbek"]
[Result "1-0"]
[WhiteElo "2549"]
[BlackElo "2437"]
[Annotator "TA"]
[PlyCount "65"]
[EventDate "2017.??.??"]
[EventType "swiss"]
[EventCountry "RUS"]
[SourceTitle "playchess.com"]
[Source "ChessBase"]
[SourceQuality "1"]

{[%evp 15,65,20,22,29,74,39,73,40,31,20,79,60,65,5,93,93,96,92,99,89,85,86,87,89,93,65,75,66,93,21,279,260,281,257,274,281,257,259,316,341,408,402,462,453,446,409,424,418,412,372,398,392]} 1. e4 e5 2. Nf3 Nc6 3. Bb5 a6 4. Ba4 d6 5. Bxc6+ bxc6 6. d4 f6 7. Nc3 g6 8. Qd3 Bg7 {LiveBook: 4 Games. C73: Ruy Lopez: Deferred Steinitz: 5 Bxc6+} 9. Be3 Nh6 10. Qc4 Qd7 $146 {White is slightly better.} ({Predecessor:} 10... Bd7 11. h4 Ng4 12. h5 Nxe3 13. fxe3 g5 14. h6 Bf8 15. O-O-O Qe7 16. Rdf1 {1-0 (45) Benjamin,J (2595)-Ziatdinov,R (2515) Sioux Falls 1998}) 11. O-O-O Nf7 12. h4 {[%cal Bh2h4,Bh4h5][%mdl 32]} h6 (12... exd4 $11 13. Bxd4 (13. Nxd4 c5 $11) (13. Qxd4 c5 $11) 13... h5) 13. h5 g5 14. Ne2 (14. d5 $14) 14... d5 (14... O-O $11) 15. Qc5 $16 Bb7 16. Nc3 {[%cal Be2c3,Bc3a4,Ba4c5][%mdl 32]} Bf8 17. Qa5 O-O-O 18. dxe5 Nxe5 19. Nxe5 fxe5 20. Bc5 Qg4 21. Na4 Qxe4 22. Rh3 (22. f3 $16 Qc4 23. Bxf8 Rdxf8 24. b3) 22... d4 $2 {[%mdl 8192] [#]} ({But not} 22... Qxg2 $2 23. Rb3 $18) (22... Qc4 $11 {and Black stays safe.}) 23. Rb3 $18 Rd5 24. Qb4 $1 $40 {[%cal Rb4b7][%mdl 128] White has strong attack.} Rxc5 25. Nxc5 Bxc5 26. Qxc5 Rd8 27. Rf3 Qd5 28. Qxd5 Rxd5 29. Re1 c5 {Black hopes to continue with ...e4.} 30. Rf6 Rd6 31. Rf8+ Kd7 32. Rxe5 Bxg2 33. Rxc5 {Precision: White = 65%, Black = 57%.} 1-0

[Event "Chigorin Mem. Russian Cup 2017"]
[Site "St. Petersburg"]
[Date "2017.10.29"]
[Round "9"]
[White "Moiseenko, Vadim"]
[Black "Predke, Alexandr"]
[Result "1/2-1/2"]
[WhiteElo "2543"]
[BlackElo "2601"]
[Annotator "TA"]
[PlyCount "28"]
[EventDate "2017.??.??"]
[EventType "swiss"]
[EventCountry "RUS"]
[SourceTitle "playchess.com"]
[Source "ChessBase"]
[SourceQuality "1"]

{[%evp 27,28,0,39]} 1. e4 e5 2. Nf3 Nc6 3. Bb5 a6 4. Ba4 Nf6 5. O-O Be7 6. Re1 b5 7. Bb3 d6 8. c3 O-O 9. h3 Bb7 10. d4 Re8 11. Ng5 $146 ({Predecessor:} 11. Nbd2 Bf8 12. a4 Qd7 13. d5 Ne7 14. Nf1 h6 15. N3h2 c6 16. dxc6 Bxc6 17. Ng4 Nxg4 18. hxg4 d5 19. axb5 axb5 20. Rxa8 Rxa8 21. exd5 Nxd5 22. Rxe5 {½-½ (60) Inarkiev,E (2693)-Svidler,P (2760) Antalya 2017}) 11... Rf8 12. Nf3 Re8 13. Ng5 Rf8 14. Nf3 Re8 1/2-1/2

[Event "Chigorin Mem. Russian Cup 2017"]
[Site "St. Petersburg"]
[Date "2017.10.29"]
[Round "9"]
[White "Zakhartsov, Vladimir"]
[Black "Vorobiov, Evgeny E"]
[Result "1/2-1/2"]
[WhiteElo "2461"]
[BlackElo "2555"]
[Annotator "TA"]
[PlyCount "73"]
[EventDate "2017.??.??"]
[EventType "swiss"]
[EventCountry "RUS"]
[SourceTitle "playchess.com"]
[Source "ChessBase"]
[SourceQuality "1"]

{[%evp 34,73,20,0,16,18,7,0,0,0,0,0,0,0,0,0,0,0,0,0,0,0,0,-26,0,0,0,0,0,0,0,0,0,-71,0,0,0,-65,0,0,0,-62]} 1. c4 c5 2. Nf3 g6 3. d4 cxd4 4. Nxd4 Bg7 5. e4 Nc6 6. Be3 Nf6 7. Nc3 O-O 8. Be2 d6 9. O-O Bd7 10. Qd2 Nxd4 11. Bxd4 Bc6 12. f3 a5 13. b3 Nd7 14. Be3 Nc5 15. Rab1 e6 16. Rfd1 {B38: Sicilian: Maroczy Bind with 5...Bg7 and 7...0-0} Be5 17. Qe1 Qe7 18. Nb5 {[#] LiveBook: 3 Games} b6 $146 ({Predecessor:} 18... Rfd8 19. Nd4 Be8 20. Bf1 b6 21. Kh1 Qf6 22. Ne2 Qe7 23. Nd4 Qf6 24. Rd2 h5 25. Rbd1 Rac8 26. Qf2 d5 27. exd5 {½-½ (27) Korneev,O (2606)-Bauer,C (2609) France 2007}) 19. f4 Bg7 20. Nxd6 e5 21. Qf2 Rfd8 22. Bxc5 bxc5 23. Qxc5 Rac8 $1 24. b4 axb4 25. Qxb4 Rb8 26. Qxb8 Rxb8 27. Rxb8+ Bf8 28. Rc8 Qa7+ (28... Ba4 $5 {[%cal Ra4d1]} 29. Rd3 Qa7+ 30. Kf1 exf4 $16) 29. Kf1 Ba4 $36 {[%mdl 2048] Black fights for an advantage.} 30. Rb1 ({Of course not} 30. fxe5 Bxd1 31. Bxd1 Qxa2 $17) 30... Qe3 31. fxe5 Bc2 32. Re1 Qf4+ 33. Bf3 (33. Kg1 $11 Qe3+ 34. Kf1) 33... Qd2 (33... Qxh2 $17 34. Re8 Ba4) 34. Be2 Qf4+ 35. Bf3 (35. Kg1 $11) 35... Qd2 (35... Qxh2 $15 36. Re8 Ba4) 36. Be2 Qf4+ 37. Bf3 (37. Kg1 $11 Qe3+ 38. Kf1) 1/2-1/2